[Event "58th TCh m 1st Div"]
[Site "Borovets BUL"]
[Date "2008.10.01"]
[Round "1"]
[White "Nevednichy, V."]
[Black "Iotov, V."]
[Result "1-0"]
[WhiteElo "2583"]
[BlackElo "2532"]
[PlyCount "74"]
[EventDate "2008.10.01"]
[SourceDate "1999.07.01"]

1. e4 e6 2. d4 d5 3. Nd2 Nf6 4. e5 Nfd7 5. Bd3 c5 6. c3 Nc6 7. Ne2 cxd4 8. cxd4
f6 9. exf6 Nxf6 10. Nf3 Bd6 11. O-O Qc7 12. Bg5 O-O 13. Nc3 a6 14. Bh4 Nh5 15.
Rc1 g6 16. a3 Qg7 17. Be2 h6 18. Na4 g5 19. Bg3 Nxg3 20. hxg3 Bd7 21. Nb6 Rad8
22. Nxd7 Qxd7 23. b4 Qg7 24. Bxa6 g4 25. Nh4 Nxd4 26. Bd3 e5 27. Bg6 Be7 28.
Rc7 Rc8 29. Rxb7 Rb8 30. Rc7 Rbc8 31. Rxc8 Rxc8 32. Nf5 Nxf5 33. Qxd5+ Kh8 34.
Bxf5 Rf8 35. Qe6 h5 36. Rd1 h4 37. Rd7 Rf7 1-0

[Event "58th TCh m 1st Div"]
[Site "Borovets BUL"]
[Date "2008.10.04"]
[Round "4"]
[White "Radulski, J."]
[Black "Rusev, K."]
[Result "1-0"]
[WhiteElo "2578"]
[BlackElo "2541"]
[PlyCount "97"]
[EventDate "2008.10.01"]
[SourceDate "1999.07.01"]

1. e4 e6 2. d4 d5 3. Nd2 Nf6 4. e5 Nfd7 5. Bd3 c5 6. c3 Nc6 7. Ne2 cxd4 8. cxd4
f6 9. exf6 Nxf6 10. Nf3 Bd6 11. O-O Qc7 12. Bg5 O-O 13. Rc1 Bd7 14. a3 Rac8 15.
b4 a6 16. Ng3 Qb6 17. Bb1 Ng4 18. h3 Nf6 19. Qd3 Be8 20. Qe3 Bd7 21. Rfe1 a5
22. Qd3 g6 23. b5 Ne7 24. Rxc8 Bxc8 25. Bh6 Re8 26. Ne5 Nf5 27. Bg5 Nd7 28.
Nxf5 exf5 29. Ba2 Nxe5 30. dxe5 Bc5 31. Bxd5+ Be6 32. Bxe6+ Qxe6 33. Be3 Bf8
34. f4 Be7 35. a4 Rd8 36. Qc2 Rc8 37. Qd1 Rd8 38. Qf3 Rd7 39. Rd1 Kf7 40. Kh2
h5 41. Rxd7 Qxd7 42. Bb6 Bb4 43. Qb3+ Qe6 44. Qxe6+ Kxe6 45. Kg3 Kd5 46. Kf3
Kc4 47. Ke2 Kc3 48. Bd8 Kb3 49. Kd3 1-0

[Event "4th ch-EU"]
[Site "Liverpool ENG"]
[Date "2008.09.17"]
[Round "9"]
[White "Haslinger, S."]
[Black "Luther, T."]
[Result "1/2-1/2"]
[WhiteElo "2511"]
[BlackElo "2570"]
[PlyCount "45"]
[EventDate "2008.09.09"]
[SourceDate "1999.07.01"]

1. e4 e6 2. d4 d5 3. Nd2 c5 4. exd5 Qxd5 5. Ngf3 cxd4 6. Bc4 Qd6 7. O-O Nf6 8.
Nb3 Nc6 9. Nbxd4 Nxd4 10. Nxd4 a6 11. Re1 Bd7 12. Bg5 O-O-O 13. Re3 Qc7 14.
Bxa6 Bc5 15. Bxb7+ Kxb7 16. Rb3+ Ka7 17. a4 e5 18. Bxf6 gxf6 19. Nb5+ Bxb5 20.
axb5+ Kb8 21. Qf3 Qb7 22. Qxf6 Rhe8 23. Rc3 1/2-1/2

[Event "61st ch-RUS HL"]
[Site "Novokuznetsk RUS"]
[Date "2008.09.12"]
[Round "9"]
[White "Lastin, A."]
[Black "Timofeev, Arty"]
[Result "1/2-1/2"]
[WhiteElo "2639"]
[BlackElo "2650"]
[PlyCount "78"]
[EventDate "2008.09.03"]
[SourceDate "1999.07.01"]

1. e4 e6 2. d4 d5 3. Nd2 dxe4 4. Nxe4 Nd7 5. Nf3 Ngf6 6. Nxf6+ Nxf6 7. Be2 c5
8. O-O a6 9. a3 Qc7 10. c4 Bd7 11. dxc5 a5 12. g3 Bxc5 13. Bf4 Qc8 14. Ne5 O-O
15. Bf3 Ra6 16. b4 axb4 17. axb4 Bxb4 18. Rb1 Rb6 19. Be3 Rd6 20. Qc2 Bc5 21.
Bxb7 Qc7 22. Bf4 Rb6 23. Bf3 Rxb1 24. Rxb1 Qa5 25. Kg2 Bd4 26. Qe2 Ba4 27. Nd3
Qc3 28. Bd2 Qc2 29. Rc1 Qb3 30. Be3 Bxe3 31. Qxe3 Rc8 32. Qd4 h6 33. Ne5 Qb4
34. h4 Qc5 35. Qxc5 Rxc5 36. Nd3 Rc7 37. Ne5 Rc5 38. Nd3 Rc7 39. Ne5 Rc5
1/2-1/2

[Event "4th ch-EU"]
[Site "Liverpool ENG"]
[Date "2008.09.15"]
[Round "7"]
[White "Tiviakov, S."]
[Black "Luther, T."]
[Result "1/2-1/2"]
[WhiteElo "2645"]
[BlackElo "2570"]
[PlyCount "130"]
[EventDate "2008.09.09"]
[SourceDate "1999.07.01"]

1. e4 e6 2. d4 d5 3. Nd2 dxe4 4. Nxe4 Nd7 5. Nf3 Ngf6 6. Nxf6+ Nxf6 7. c3 Be7
8. Bd3 O-O 9. O-O b6 10. Bg5 Bb7 11. Re1 h6 12. Bf4 c5 13. dxc5 Bxc5 14. Qe2
Qd5 15. Be5 Ng4 16. Bg3 Nf6 17. Qf1 Rad8 18. Ne5 Ba8 19. Rad1 Qb7 20. Ba6 Qe7
21. Bh4 Rxd1 22. Rxd1 g5 23. Bg3 Rd8 24. Rxd8+ Qxd8 25. Qd3 Qd5 26. Qxd5 Bxd5
27. Nd3 Bxa2 28. Bb8 Be7 29. Ne5 Ne4 30. Bxa7 Bd6 31. Nd7 Nc5 32. Nf6+ Kf8 33.
Bb5 Ke7 34. Ng8+ Kf8 35. Nf6 Ke7 36. Ne8 Nd7 37. Nxd6 Kxd6 38. g4 Bd5 39. Bxd7
Kxd7 40. Bxb6 Bf3 41. Bd4 Bxg4 42. Bg7 h5 43. Bf6 Kc6 44. Bxg5 Kb5 45. Kg2 Kc4
46. Be7 Kb3 47. Ba3 Bf5 48. Kg3 Kc4 49. Kh4 Bg6 50. Kg5 Kb3 51. f3 Kc4 52. Bd6
Kb3 53. Be5 Kc4 54. h4 Kb3 55. f4 Kc4 56. b4 Kb5 57. f5 exf5 58. Bf4 Kc4 59.
Kf6 Kb5 60. Ke7 f6 61. Kf8 Kc4 62. Ke7 Kb5 63. Kxf6 Be8 64. Kxf5 Kc4 65. Be5
Kb5 1/2-1/2

[Event "I EDAMI-Cosmocaixa"]
[Site "Barcelona ESP"]
[Date "2008.09.09"]
[Round "3"]
[White "Illescas Cordoba, M."]
[Black "Moskalenko, V."]
[Result "1/2-1/2"]
[WhiteElo "2603"]
[BlackElo "2569"]
[PlyCount "43"]
[EventDate "2008.09.08"]
[SourceDate "1999.07.01"]

1. e4 e6 2. d4 d5 3. Nd2 c5 4. exd5 Qxd5 5. Ngf3 cxd4 6. Bc4 Qd6 7. O-O Nf6 8.
Nb3 Nc6 9. Nbxd4 Nxd4 10. Nxd4 Be7 11. c3 O-O 12. Qf3 Qc7 13. Bb3 Bd7 14. Bg5
Rad8 15. Bh4 Bc8 16. Rfe1 a6 17. Rad1 Rfe8 18. Bc2 Nd5 19. Bg3 Bd6 20. Bb3 Bxg3
21. hxg3 Nf6 22. Nc2 1/2-1/2

[Event "I EDAMI-Cosmocaixa"]
[Site "Barcelona ESP"]
[Date "2008.09.10"]
[Round "4"]
[White "Gonzalez Garcia, J2."]
[Black "Reinaldo Castineira, R."]
[Result "1/2-1/2"]
[WhiteElo "2506"]
[BlackElo "2504"]
[PlyCount "94"]
[EventDate "2008.09.08"]
[SourceDate "1999.07.01"]

1. d4 e6 2. e4 d5 3. Nd2 Nf6 4. e5 Nfd7 5. c3 c5 6. Bd3 Nc6 7. Ne2 cxd4 8. cxd4
f6 9. exf6 Nxf6 10. O-O Bd6 11. Nf3 Qc7 12. Bg5 O-O 13. Bh4 Nh5 14. Qc2 h6 15.
Bh7+ Kh8 16. Bg6 Rxf3 17. Bxh5 Rf8 18. Bg3 Bd7 19. Rad1 Be8 20. Bg4 Bf7 21. Qc3
Rae8 22. Rfe1 e5 23. dxe5 Bb4 24. e6 Bxc3 25. Bxc7 Bxe1 26. exf7 Rxf7 27. Bg3
Ne5 28. Bh5 g6 29. Rxd5 gxh5 30. Bxe5+ Rxe5 31. Rxe5 Bxf2+ 32. Kh1 Bd4 33. Re8+
Kh7 34. g4 Bxb2 35. gxh5 Ba3 36. Kg2 Bc5 37. Nc3 Re7 38. Rxe7+ Bxe7 39. Nb5 a6
40. Nd4 Kg8 41. Kf3 Kf7 42. Ke4 Kf6 43. h4 Bc5 44. Nf5 Bf8 45. Nd4 Bc5 46. Nf5
Bf8 47. Nd4 Bc5 1/2-1/2

[Event "SuperLiga-ROM"]
[Site "Eforie Nord ROM"]
[Date "2008.09.03"]
[Round "3"]
[White "Azarov, S."]
[Black "Kruppa, Y."]
[Result "1/2-1/2"]
[WhiteElo "2605"]
[BlackElo "2547"]
[PlyCount "49"]
[EventDate "2008.09.01"]
[SourceDate "1999.07.01"]

1. e4 e6 2. d4 d5 3. Nd2 c5 4. exd5 Qxd5 5. Ngf3 cxd4 6. Bc4 Qd6 7. O-O Nf6 8.
Nb3 Nc6 9. Nbxd4 Nxd4 10. Nxd4 Bd7 11. c3 Be7 12. Qe2 O-O 13. Rd1 Qc7 14. Bg5
Nd5 15. Bxe7 Nxe7 16. Rd2 Rad8 17. Rad1 a6 18. Bd3 g6 19. Nf3 Ba4 20. Re1 Kg7
21. c4 Rfe8 22. Bb1 Bc6 23. Ne5 Rxd2 24. Qxd2 f6 25. Ng4 1/2-1/2

[Event "SuperLiga-ROM"]
[Site "Eforie Nord ROM"]
[Date "2008.09.05"]
[Round "5"]
[White "Parligras, M."]
[Black "Kruppa, Y."]
[Result "1-0"]
[WhiteElo "2588"]
[BlackElo "2547"]
[PlyCount "39"]
[EventDate "2008.09.01"]
[SourceDate "1999.07.01"]

1. e4 e6 2. d4 d5 3. Nd2 c5 4. exd5 Qxd5 5. Ngf3 cxd4 6. Bc4 Qd6 7. O-O Nf6 8.
Nb3 Nc6 9. Nbxd4 Nxd4 10. Nxd4 Bd7 11. b3 Rd8 12. Bb2 Qf4 13. g3 Qh6 14. Re1
Bc5 15. Nf5 Qh3 16. Nxg7+ Ke7 17. Qd4 Ne4 18. Qxe4 Bc6 19. Qh4+ Qxh4 20. Nf5+
1-0

[Event "SuperLiga-ROM"]
[Site "Eforie Nord ROM"]
[Date "2008.09.07"]
[Round "7"]
[White "Balogh, C."]
[Black "Baklan, V."]
[Result "1/2-1/2"]
[WhiteElo "2624"]
[BlackElo "2631"]
[PlyCount "117"]
[EventDate "2008.09.01"]
[SourceDate "1999.07.01"]

1. e4 e6 2. d4 d5 3. Nd2 Nf6 4. Bd3 c5 5. e5 Nfd7 6. c3 Nc6 7. Ne2 cxd4 8. cxd4
f6 9. exf6 Nxf6 10. Nf3 Bd6 11. O-O Qc7 12. Bd2 O-O 13. Rc1 a6 14. Ng3 Bd7 15.
a3 Rae8 16. Re1 Qb8 17. Bc3 e5 18. dxe5 Nxe5 19. Nxe5 Bxe5 20. Bxe5 Rxe5 21. h3
Rxe1+ 22. Qxe1 Qf4 23. Qe3 Ne8 24. Qxf4 Rxf4 25. Ne2 Rf6 26. f3 h6 27. Kf2 Kf7
28. Nd4 Ke7 29. Ke3 Kd6 30. f4 Rf7 31. g4 Re7+ 32. Kf3 Nf6 33. Bg6 Ne4 34. Rc2
Nf6 35. Rc1 Ne4 36. Rc2 Nf6 37. Re2 Rxe2 38. Kxe2 Ng8 39. Bf5 Ne7 40. Bxd7 Kxd7
41. Ke3 g6 42. b4 Kd6 43. Nb3 Nc6 44. Nc5 Nd8 45. Nd3 Nc6 46. Nc5 Nd8 47. Nb3
Ke7 48. Nd4 Kf6 49. f5 Nc6 50. fxg6 Kxg6 51. Ne6 Kf6 52. Nc5 Ke5 53. Nd3+ Kf6
54. h4 b6 55. Nb2 Ne5 56. g5+ hxg5 57. hxg5+ Ke6 58. Nd3 Nc4+ 59. Kd4 1/2-1/2

[Event "TCh-ESP Hon Gp1"]
[Site "Cala Mayor ESP"]
[Date "2008.09.03"]
[Round "1"]
[White "Shirov, A."]
[Black "Vallejo Pons, F."]
[Result "1/2-1/2"]
[WhiteElo "2741"]
[BlackElo "2650"]
[PlyCount "46"]
[EventDate "2008.09.03"]
[SourceDate "1999.07.01"]

1. e4 e6 2. d4 d5 3. Nd2 Nf6 4. e5 Nfd7 5. f4 c5 6. c3 Nc6 7. Ndf3 Qb6 8. g3
Be7 9. Bh3 cxd4 10. cxd4 O-O 11. Kf2 f6 12. Kg2 Kh8 13. Ne2 fxe5 14. fxe5 Ndxe5
15. dxe5 Nxe5 16. Ned4 Nxf3 17. Nxf3 e5 18. Qxd5 Bxh3+ 19. Kxh3 Qf2 20. Nxe5
Qf5+ 21. Kg2 Qf2+ 22. Kh3 Qf5+ 23. Kg2 Qf2+ 1/2-1/2

[Event "TCh-MNE Premier"]
[Site "Herceg Novi MNE"]
[Date "2008.08.25"]
[Round "1"]
[White "Vajda, L."]
[Black "Sedlak, N."]
[Result "0-1"]
[WhiteElo "2588"]
[BlackElo "2576"]
[PlyCount "96"]
[EventDate "2008.08.25"]
[SourceDate "1999.07.01"]

1. e4 e6 2. d4 d5 3. Nd2 c5 4. Ngf3 cxd4 5. Nxd4 Nc6 6. Nxc6 bxc6 7. Bd3 Nf6 8.
O-O Qc7 9. Qe2 Bd6 10. Nf3 dxe4 11. Bxe4 Nxe4 12. Qxe4 Bb7 13. Rd1 c5 14. Qa4+
Bc6 15. Qa6 O-O 16. Bg5 Rab8 17. Qd3 Bf4 18. Bxf4 Qxf4 19. b3 Bxf3 20. Qxf3
Qxf3 21. gxf3 Rfd8 22. Kf1 Kf8 23. Ke2 Rd5 24. Rxd5 exd5 25. Rd1 Re8+ 26. Kf1
Re5 27. f4 Rf5 28. Kg2 Ke7 29. Kg3 Kd6 30. h4 Rf6 31. Kf3 Rg6 32. Re1 Re6 33.
Re3 Rh6 34. Re8 Rxh4 35. Ra8 Rh3+ 36. Kg4 Rc3 37. Rxa7 Rxc2 38. Kf3 Ke6 39.
Ra6+ Kf5 40. Rd6 Rc3+ 41. Ke2 Ke4 42. Rd7 Rc2+ 43. Ke1 Rxa2 44. Rxf7 Rb2 45.
Rxg7 Rxb3 46. Rxh7 c4 47. f5 Rf3 48. Rh4+ Kd3 0-1

[Event "Petrovskaya Ladya GM2"]
[Site "Peterhof RUS"]
[Date "2008.08.12"]
[Round "1"]
[White "Brodsky, M."]
[Black "Savchenko, S."]
[Result "1/2-1/2"]
[WhiteElo "2548"]
[BlackElo "2557"]
[PlyCount "25"]
[EventDate "2008.08.12"]
[SourceDate "1999.07.01"]

1. e4 e6 2. d4 d5 3. Nd2 c5 4. exd5 Qxd5 5. Ngf3 cxd4 6. Bc4 Qd6 7. O-O Nf6 8.
Nb3 Nc6 9. Nbxd4 Nxd4 10. Qxd4 Qxd4 11. Nxd4 Bd7 12. Bf4 Rc8 13. Bb3 1/2-1/2

[Event "41st Festival MTO"]
[Site "Biel SUI"]
[Date "2008.07.26"]
[Round "6"]
[White "Smirin, I."]
[Black "Gleizerov, E."]
[Result "1/2-1/2"]
[WhiteElo "2637"]
[BlackElo "2549"]
[PlyCount "35"]
[EventDate "2008.07.21"]
[SourceDate "1999.07.01"]

1. e4 e6 2. d4 d5 3. Nd2 Nf6 4. e5 Nfd7 5. Bd3 c5 6. c3 Nc6 7. Ngf3 g6 8. h4 h6
9. Nf1 Qa5 10. Ke2 b5 11. a3 b4 12. cxb4 cxb4 13. Be3 Ba6 14. Bxa6 Qxa6+ 15.
Qd3 Qxd3+ 16. Kxd3 bxa3 17. bxa3 Nb6 18. N1d2 1/2-1/2

[Event "7th Open"]
[Site "La Fere FRA"]
[Date "2008.07.08"]
[Round "5"]
[White "Degraeve, JM."]
[Black "Sumets, A."]
[Result "1/2-1/2"]
[WhiteElo "2523"]
[BlackElo "2534"]
[PlyCount "85"]
[EventDate "2008.07.05"]
[SourceDate "1999.07.01"]

1. e4 e6 2. d4 d5 3. Nd2 dxe4 4. Nxe4 Nd7 5. Nf3 Ngf6 6. Nxf6+ Nxf6 7. c3 c5 8.
Ne5 a6 9. Be3 Qc7 10. Qa4+ Nd7 11. Bb5 cxd4 12. Bxd7+ Bxd7 13. Qxd4 f6 14.
Qxd7+ Qxd7 15. Nxd7 Kxd7 16. O-O-O+ Kc7 17. a4 a5 18. Rd4 Ra6 19. Rhd1 Rd6 20.
Rxd6 Bxd6 21. Bb6+ Kc6 22. Bxa5 Ra8 23. b4 Be5 24. f4 Bxf4+ 25. Kb2 b6 26. b5+
Kc7 27. Bb4 Bxh2 28. Kb3 e5 29. c4 e4 30. Rh1 Bd6 31. Rxh7 Bxb4 32. Rxg7+ Kd6
33. Kxb4 e3 34. Rh7 e2 35. Rh1 Re8 36. Re1 Re3 37. g4 Re4 38. Kc3 Kc5 39. Kd3
Rxg4 40. Rxe2 Rxc4 41. Rf2 Rxa4 42. Rxf6 Kxb5 43. Kc3 1/2-1/2

[Event "Kings Gambit A"]
[Site "Lipetsk RUS"]
[Date "2008.07.18"]
[Round "10"]
[White "Sjugirov, S."]
[Black "Vysochin, S."]
[Result "1-0"]
[WhiteElo "2545"]
[BlackElo "2514"]
[PlyCount "53"]
[EventDate "2008.07.09"]
[SourceDate "1999.07.01"]

1. e4 e6 2. d4 d5 3. Nd2 c5 4. exd5 Qxd5 5. Ngf3 cxd4 6. Bc4 Qd6 7. O-O Nf6 8.
Nb3 Nc6 9. Nbxd4 Nxd4 10. Nxd4 a6 11. Re1 Bd7 12. Bg5 O-O-O 13. Re3 Be7 14. Rd3
Qc5 15. Be3 Qxc4 16. Rc3 Qxc3 17. bxc3 Nd5 18. Qe1 Bd6 19. Rb1 Rhe8 20. c4 Nxe3
21. Qxe3 Re7 22. c5 Bb8 23. c6 Be8 24. Qg5 f6 25. Qc5 Rc7 26. Nxe6 Rxc6 27. Qe7
1-0

[Event "Doroshkevich mem"]
[Site "Maykop RUS"]
[Date "2008.05.31"]
[Round "8"]
[White "Bryzgalin, K."]
[Black "Pushkov, N."]
[Result "1/2-1/2"]
[WhiteElo "2529"]
[BlackElo "2513"]
[PlyCount "127"]
[EventDate "2008.05.24"]
[SourceDate "1999.07.01"]

1. e4 e6 2. d4 d5 3. Nd2 c5 4. exd5 exd5 5. Ngf3 Nf6 6. Bb5+ Bd7 7. Bxd7+ Nbxd7
8. O-O Be7 9. dxc5 Nxc5 10. Nb3 Nce4 11. Be3 O-O 12. Bd4 Qc7 13. c3 Rfd8 14. g3
b5 15. Qd3 a6 16. Rfe1 Rac8 17. Nh4 Qd7 18. Re2 Rc6 19. Rae1 Bf8 20. f3 Ng5 21.
Be5 h6 22. Nd4 Bc5 23. Kh1 Bxd4 24. Bxd4 Re8 25. Nf5 Rxe2 26. Rxe2 Re6 27. Rxe6
Qxe6 28. Bxf6 Qxf6 29. f4 Ne6 30. Qxd5 Kh7 31. Ne3 g6 32. a3 Qe7 33. Ng4 h5 34.
Ne5 Kg7 35. Kg2 h4 36. Kf3 hxg3 37. hxg3 Nf8 38. Nc6 Qb7 39. Nb4 Qc8 40. Qe5+
Kh7 41. Nd5 Qc6 42. Kf2 Nd7 43. Qe4 Nb6 44. c4 bxc4 45. Nc3 Qxe4 46. Nxe4 Na4
47. Ke3 Nxb2 48. Kd4 f5 49. Nc5 Kh6 50. Nxa6 Kh5 51. Nc5 Kg4 52. Kc3 Nd1+ 53.
Kxc4 Kxg3 54. Ne6 Kg4 55. Kd4 Nb2 56. Kc3 Na4+ 57. Kb3 Nb6 58. Kb4 Nd5+ 59. Kc4
Nxf4 60. Nd4 g5 61. a4 Ng6 62. a5 Ne7 63. a6 Nc8 64. Kc5 1/2-1/2

[Event "TCh-BIH"]
[Site "Neum BIH"]
[Date "2008.06.06"]
[Round "3"]
[White "Savic, Miod1"]
[Black "Stojanovic, Mih"]
[Result "1/2-1/2"]
[WhiteElo "2542"]
[BlackElo "2561"]
[PlyCount "108"]
[EventDate "2008.06.04"]
[SourceDate "1999.07.01"]

1. e4 e6 2. d4 d5 3. Nd2 c5 4. Ngf3 cxd4 5. exd5 Qxd5 6. Bc4 Qd6 7. O-O Nf6 8.
Nb3 Nc6 9. Nbxd4 Nxd4 10. Nxd4 Bd7 11. c3 Qc7 12. Bb5 O-O-O 13. Qf3 Bc5 14.
Bxd7+ Rxd7 15. Bf4 Qb6 16. Nb3 Bd6 17. Bg5 Qc6 18. Qxc6+ bxc6 19. Bxf6 gxf6 20.
Rfd1 Rhd8 21. Kf1 f5 22. Ke2 Kc7 23. Na5 Bxh2 24. Rxd7+ Rxd7 25. Rh1 Be5 26.
Rxh7 Bf6 27. Nc4 Kd8 28. Rh3 Kc7 29. Rf3 Bg7 30. Rg3 Bf6 31. Rg8 Kb7 32. Rg3
Kc7 33. a4 Rd5 34. Rg8 Rd7 35. Rf8 Bg7 36. Ra8 Kb7 37. Rg8 Bf6 38. Nd2 Kc7 39.
f3 Kd6 40. Kd3 Kc5+ 41. Kc2 Rd8 42. b4+ Kd5 43. Rxd8+ Bxd8 44. Kd3 Bg5 45. Nb3
Bd8 46. Nc5 Bb6 47. Nb3 Bf2 48. c4+ Kd6 49. Ke2 Bg1 50. Na1 Bd4 51. Nc2 Bg1 52.
Kf1 Bh2 53. Ke2 Bg1 54. Kf1 Bh2 1/2-1/2

[Event "TCh-BIH"]
[Site "Neum BIH"]
[Date "2008.06.08"]
[Round "5"]
[White "Balogh, C."]
[Black "Sedlak, N."]
[Result "1/2-1/2"]
[WhiteElo "2559"]
[BlackElo "2582"]
[PlyCount "20"]
[EventDate "2008.06.04"]
[SourceDate "1999.07.01"]

1. e4 e6 2. d4 d5 3. Nd2 c5 4. Ngf3 cxd4 5. Nxd4 Nc6 6. Bb5 Bd7 7. Nxc6 Bxc6 8.
Bxc6+ bxc6 9. O-O Nf6 10. Qe2 Be7 1/2-1/2

[Event "III President's Cup"]
[Site "Baku AZE"]
[Date "2008.05.18"]
[Round "7"]
[White "Jobava, Ba"]
[Black "Malakhatko, V."]
[Result "1/2-1/2"]
[WhiteElo "2658"]
[BlackElo "2621"]
[PlyCount "31"]
[EventDate "2008.05.12"]
[SourceDate "1999.07.01"]

1. e4 e6 2. d4 d5 3. Nd2 c5 4. Ngf3 cxd4 5. exd5 Qxd5 6. Bc4 Qd6 7. O-O Nf6 8.
Nb3 Nc6 9. Nbxd4 Nxd4 10. Nxd4 a6 11. Re1 Bd7 12. b3 O-O-O 13. Bb2 Qc7 14. Qe2
Bc5 15. h3 Rhe8 16. Nf3 1/2-1/2

[Event "Frank K Berry ch-USA"]
[Site "Tulsa USA"]
[Date "2008.05.21"]
[Round "9"]
[White "Ivanov, AV USA."]
[Black "Kraai, J."]
[Result "1-0"]
[WhiteElo "2560"]
[BlackElo "2509"]
[PlyCount "73"]
[EventDate "2008.05.13"]
[SourceDate "1999.07.01"]

1. e4 e6 2. d4 d5 3. Nd2 Nf6 4. e5 Nfd7 5. c3 c5 6. f4 Nc6 7. Ndf3 cxd4 8. cxd4
f6 9. Bd3 Bb4+ 10. Bd2 O-O 11. a3 Bxd2+ 12. Qxd2 Nb6 13. Ne2 Nc4 14. Qc3 b5 15.
b3 N4a5 16. Bxb5 Bd7 17. exf6 gxf6 18. O-O Rb8 19. Bxc6 Bxc6 20. Nc1 Be8 21. f5
exf5 22. Nh4 Kh8 23. b4 Nc4 24. Nd3 Rg8 25. Nc5 Rg4 26. Nxf5 Bg6 27. h3 Rg5 28.
Ne6 Rxg2+ 29. Kxg2 Qg8 30. Nfg7 Bf7 31. Qg3 Nd2 32. Rfe1 Rc8 33. Ra2 Ne4 34.
Rxe4 dxe4 35. d5 Rc1 36. Nf5 Bxe6 37. dxe6 1-0

[Event "TCh-FRA Top 16 Gp B"]
[Site "Montpellier FRA"]
[Date "2008.04.10"]
[Round "4"]
[White "Palac, M."]
[Black "Vaisser, A."]
[Result "1/2-1/2"]
[WhiteElo "2575"]
[BlackElo "2539"]
[PlyCount "41"]
[EventDate "2008.04.10"]
[SourceDate "1999.07.01"]

1. e4 e6 2. d4 d5 3. Nd2 dxe4 4. Nxe4 Nd7 5. Nf3 Ngf6 6. Nxf6+ Nxf6 7. c3 c5 8.
Be3 Qc7 9. Ne5 a6 10. Qa4+ Nd7 11. O-O-O cxd4 12. Nxd7 Bxd7 13. Qxd4 Bc6 14.
Bc4 Rd8 15. Qg4 h5 16. Rxd8+ Qxd8 17. Qg3 Qd6 18. Qg5 Qd8 19. Qg3 Qd6 20. f4
Qe7 21. Rd1 1/2-1/2

[Event "TCh-FRA Top 16 Gp B"]
[Site "Montpellier FRA"]
[Date "2008.04.13"]
[Round "7"]
[White "Vachier Lagrave, M."]
[Black "Buhmann, R."]
[Result "1-0"]
[WhiteElo "2637"]
[BlackElo "2570"]
[PlyCount "75"]
[EventDate "2008.04.10"]
[SourceDate "1999.07.01"]

1. e4 e6 2. d4 d5 3. Nd2 Nf6 4. e5 Nfd7 5. Bd3 c5 6. c3 Nc6 7. Ne2 a5 8. O-O a4
9. f4 cxd4 10. cxd4 Nb6 11. Nf3 Bd7 12. g4 g6 13. f5 exf5 14. Ng3 f4 15. Bxf4
Bxg4 16. e6 Bxe6 17. Be5 Rg8 18. Bb5 Be7 19. Rc1 Nc4 20. Qd3 Qb6 21. Bxc6+ bxc6
22. b3 axb3 23. axb3 Nd6 24. Bf4 Qb5 25. Qe3 Ne4 26. Rfe1 g5 27. Bc7 Kd7 28.
Ne5+ Kxc7 29. Nxc6 Kd7 30. Nxe4 dxe4 31. d5 Bxd5 32. Red1 Rgc8 33. Qxe4 Bc5+
34. Kh1 Rxc6 35. Qxd5+ Kc7 36. b4 Qb7 37. bxc5 Ra5 38. Qd8# 1-0

[Event "ch-NED"]
[Site "Hilversum NED"]
[Date "2008.04.02"]
[Round "1"]
[White "Tiviakov, S."]
[Black "Stellwagen, D."]
[Result "1/2-1/2"]
[WhiteElo "2634"]
[BlackElo "2621"]
[PlyCount "51"]
[EventDate "2008.04.02"]
[SourceDate "1999.07.01"]

1. e4 e6 2. d4 d5 3. Nd2 c5 4. exd5 Qxd5 5. Ngf3 cxd4 6. Bc4 Qd6 7. O-O Nf6 8.
Nb3 Nc6 9. Nbxd4 Nxd4 10. Nxd4 a6 11. c3 Qc7 12. Bb3 Bd7 13. Bg5 O-O-O 14. Bxf6
gxf6 15. Qh5 Be8 16. Rad1 Kb8 17. Rd2 Rc8 18. Rfd1 Rg8 19. Qxh7 Rg6 20. g3 f5
21. Qh5 f4 22. Qf3 Bc5 23. Kf1 Rh6 24. Qxf4 Qxf4 25. gxf4 Rxh2 26. Nf3 1/2-1/2

[Event "IX Dos Hermanas Internet"]
[Site "ICC INT"]
[Date "2008.04.04"]
[Round "2.2"]
[White "Godena, M."]
[Black "Vysochin, S."]
[Result "0-1"]
[WhiteElo "2528"]
[BlackElo "2521"]
[PlyCount "56"]
[EventDate "2008.04.04"]
[SourceDate "1999.07.01"]

1. e4 e6 2. d4 d5 3. Nd2 c5 4. Ngf3 Nc6 5. Bb5 a6 6. Bxc6+ bxc6 7. O-O Nf6 8.
e5 Nd7 9. dxc5 Nxc5 10. Nb3 Be7 11. Nfd4 Bb7 12. Qg4 g6 13. Bh6 Nd7 14. Rfe1 c5
15. Nxe6 fxe6 16. Qxe6 Qb6 17. Qh3 c4 18. e6 Nf6 19. Nd2 O-O-O 20. Bg7 Rhe8 21.
Bxf6 Bxf6 22. e7+ Rd7 23. Re6 Qxb2 24. Rae1 Qc3 25. Nf3 Kb8 26. Rxf6 Rdxe7 27.
Rfe6 Rxe6 28. Rxe6 Qa1+ 0-1

[Event "TCh-FRA Top 16 Gp B"]
[Site "Gonfreville FRA"]
[Date "2008.03.23"]
[Round "2"]
[White "Rausis, I."]
[Black "Vaisser, A."]
[Result "1/2-1/2"]
[WhiteElo "2520"]
[BlackElo "2539"]
[PlyCount "32"]
[EventDate "2008.03.22"]
[SourceDate "1999.07.01"]

1. e4 e6 2. d4 d5 3. Nd2 dxe4 4. Nxe4 Nd7 5. Nf3 Ngf6 6. Nxf6+ Nxf6 7. c3 c5 8.
Ne5 a6 9. Be3 Qc7 10. Qa4+ Nd7 11. O-O-O cxd4 12. Nxd7 Bxd7 13. Qxd4 Bc6 14.
Bc4 Rd8 15. Qg4 h5 16. Qg5 b5 1/2-1/2

[Event "TCh-AUT 1st Bundesliga 2007-8"]
[Site "Graz AUT"]
[Date "2008.03.16"]
[Round "11"]
[White "Korneev, O."]
[Black "Bunzmann, D."]
[Result "1/2-1/2"]
[WhiteElo "2645"]
[BlackElo "2518"]
[PlyCount "41"]
[EventDate "2008.03.14"]
[SourceDate "1999.07.01"]

1. e4 e6 2. d4 d5 3. Nd2 c5 4. exd5 exd5 5. Ngf3 Nf6 6. Bb5+ Bd7 7. Qe2+ Be7 8.
dxc5 O-O 9. Nb3 Re8 10. Be3 a6 11. Bd3 Ba4 12. Nfd4 Nbd7 13. O-O-O Bxb3 14.
Nxb3 Nxc5 15. Qf3 Nxb3+ 16. axb3 Qa5 17. Kb1 Bc5 18. Bxc5 Qxc5 19. Rhe1 Qb4 20.
Rh1 Qc5 21. Qf4 1/2-1/2

[Event "72nd ch-BUL"]
[Site "Plovdiv BUL"]
[Date "2008.03.16"]
[Round "4"]
[White "Spasov, V."]
[Black "Rusev, K."]
[Result "1/2-1/2"]
[WhiteElo "2579"]
[BlackElo "2521"]
[PlyCount "87"]
[EventDate "2008.03.14"]
[SourceDate "1999.07.01"]

1. e4 e6 2. d4 d5 3. Nd2 Nf6 4. e5 Nfd7 5. c3 c5 6. Bd3 Nc6 7. Ne2 cxd4 8. cxd4
f6 9. exf6 Qxf6 10. Nf3 h6 11. O-O Bd6 12. Be3 O-O 13. Bc2 Rf7 14. Ng3 Nf8 15.
Qd2 Bd7 16. Nh5 Qd8 17. Bf4 Be8 18. Bxd6 Qxd6 19. Ng3 Qb4 20. Rad1 Qxd2 21.
Rxd2 Rc7 22. Rc1 Rac8 23. Ba4 Bg6 24. Bxc6 Rxc6 25. Rxc6 Rxc6 26. h3 Nd7 27.
Ne2 Be4 28. Ne5 Nxe5 29. dxe5 Kf7 30. f3 Bh7 31. h4 a5 32. Kf2 Rc4 33. Nd4 Ke7
34. a3 b6 35. h5 Rc1 36. g4 g6 37. Ne2 Rc4 38. hxg6 Bxg6 39. Ke3 Kf7 40. Nd4
Rc1 41. f4 Be4 42. f5 exf5 43. gxf5 Re1+ 44. Re2 1/2-1/2

[Event "II ch-Ibero-Americano Gp B"]
[Site "Linares ESP"]
[Date "2008.02.28"]
[Round "1"]
[White "Bachmann, Ax"]
[Black "Vescovi, G."]
[Result "1-0"]
[WhiteElo "2505"]
[BlackElo "2617"]
[PlyCount "115"]
[EventDate "2008.02.15"]
[SourceDate "1999.07.01"]

1. e4 e6 2. d4 d5 3. Nd2 c5 4. Ngf3 cxd4 5. exd5 Qxd5 6. Bc4 Qd6 7. O-O Nf6 8.
Nb3 Nc6 9. Nbxd4 Nxd4 10. Nxd4 a6 11. c3 Qc7 12. Bb3 Bd6 13. h3 Bd7 14. Qf3
O-O-O 15. Bg5 Be5 16. Rfe1 h6 17. Bh4 Bf4 18. Ne2 Bh2+ 19. Kh1 Bc6 20. Qe3 g5
21. Bg3 Bxg3 22. fxg3 e5 23. Rf1 Nd5 24. Bxd5 Rxd5 25. c4 Rdd8 26. Rf5 Qd7 27.
Qf2 Qd2 28. Rxf7 Qxb2 29. Rf1 Kb8 30. Qe3 Qxa2 31. Qxe5+ Ka8 32. c5 Qd5 33.
Qxd5 Rxd5 34. R1f2 Re8 35. g4 Rxc5 36. Nd4 Re1+ 37. Kh2 Rcc1 38. R2f6 Red1 39.
Rd6 Be4 40. Re7 Re1 41. Rxh6 Rh1+ 42. Kg3 Rc3+ 43. Kf2 Bd3 44. Re3 Rf1+ 45. Kg3
Rfc1 46. Nf3 a5 47. Rh5 Bc4 48. Re8+ Ka7 49. Rxg5 b6 50. Rg7+ Ka6 51. g5 a4 52.
Ra8+ Kb5 53. Rga7 Ra1 54. g6 a3 55. g7 a2 56. Rc8 Rac1 57. Rxc4 Rxc4 58. g8=Q
1-0